[Event "BCF-ch Seniors U130"]
[Site "Aberystwyth"]
[Date "2014.07.29"]
[Round "2"]
[White "Cornes, Cornelius J"]
[Black "Lesnik, Eric"]
[Result "1-0"]
[WhiteElo "128"]
[BlackElo "117"]
[PlyCount "93"]
[EventDate "2014.07.20"]
[EventType "swiss"]
[EventRounds "5"]
[EventCountry "WLS"]
[SourceTitle "EXT 2017"]
[Source "ChessBase"]
[SourceDate "2016.10.25"]
[SourceVersion "1"]
[SourceVersionDate "2016.10.25"]
[SourceQuality "1"]

1. Nf3 g6 2. c4 Bg7 3. g3 Nc6 4. Bg2 Ne5 5. Qc2 Nxf3+ 6. Bxf3 Nf6 7. 0-0 0-0 8. Nc3 d6 9. d4 Nd7 10. Rd1 e5 11. dxe5 Nxe5 12. b3 Bf5 13. Be4 Bxe4 14. Qxe4 Nc6 15. Bb2 Re8 16. Qc2 Nd4 17. Qd2 c5 18. Kg2 Re6 19. e3 Bh6 20. Nd5 Re4 21. Qc3 Bg7 22. exd4 Qg5 23. Qd2 Qxd2 24. Rxd2 cxd4 25. Rad1 Rae8 26. Bxd4 R8e6 27. Bxg7 Kxg7 28. Ne3 R4e5 29. Rxd6 Rxd6 30. Rxd6 b5 31. Ra6 bxc4 32. Nxc4 Re7 33. Na5 Rc7 34. Nc6 Kf8 35. Nxa7 Ke8 36. Nb5 Rd7 37. Ra8+ Ke7 38. Ra7 Rxa7 39. Nxa7 Kd7 40. a4 Kc7 41. Kf3 Kb6 42. Nb5 Ka5 43. Kf4 Kb4 44. Kg5 Kxb3 45. a5 Kb4 46. a6 Kxb5 47. a7 1-0